Obálka Náhled e-knihy:
PDF
Pro půjčování e-knih musíte být přihlášeni.
Jak si půjčit online?

Od pohádky k pohádce. Tlapková patrola 4 /

Tři příběhy podle televizního seriálu o partě obětavých štěňat, která zachraňují pobřežní městečko Adventure Bay.

Uloženo v:
Série:Tlapková kontrola, část 4
Další autoři: Vichrová, Petra (Překladatel)
Médium: E-kniha
Jazyk:Czech
Vydáno: V Praze : Egmont, 2023
Vydání:1. vydání
Edice:Paw Patrol (Egmont)
Začínáme číst (Egmont)
Témata:
Příbuzné jednotky:Z cyklu:: Tlapková kontrola
Tagy:
Žádné tagy
LEADER 02614nam a2200577 i 4500
001 312230
003 CZ PrSKC
005 20260601215719.0
007 ta
008 230413s2023 xr a a 000 j cze
015 |a cnb003510055 
020 |a 9788025254882  |q (vázáno) :  |c Kč 199,00 
035 |a (OCoLC)1381701112 
040 |a ABG001  |b cze  |e rda 
041 1 |a cze  |h eng 
072 7 |a 821-93  |x Literatura pro děti a mládež (beletrie)  |2 Konspekt 
080 |a 821-32  |2 MRF 
080 |a 821-93  |2 MRF 
080 |a (0:82-32)  |2 MRF 
245 0 0 |a Od pohádky k pohádce.  |p Tlapková patrola 4 /  |c z anglického originálu přeložila Petra Vichrová 
246 3 0 |a Tlapková patrola 4 
250 |a 1. vydání 
264 1 |a V Praze :  |b Egmont,  |c 2023 
300 |a 68 stran :  |b barevné ilustrace ;  |c 24 cm 
336 |a text  |b txt  |2 rdacontent 
336 |a statický obraz  |b sti  |2 rdacontent 
337 |a bez média  |b n  |2 rdamedia 
338 |a svazek  |b nc  |2 rdacarrier 
490 1 |a Paw Patrol 
490 1 |a Začínáme číst 
500 |a Nad názvem uvedeno původní nakladatelství: Nickelodeon 
505 0 0 |t Tlapky zachraňují tučňáka --  |t Tlapky zachraňují satelit --  |t Tlapky a Tracker 
520 2 |a Tři příběhy podle televizního seriálu o partě obětavých štěňat, která zachraňují pobřežní městečko Adventure Bay.  |b Tentokrát rychlé tlapky zachraňují malého tučňáka, který uvízl na ledové kře, spravují porouchaný satelit až ve vesmíru a nakonec se vypraví na napínavou cestu do džungle, kde objeví opravdový starověký poklad. 
521 8 |a Pro děti od 4 let 
655 7 |a příběhy  |7 fd133204  |2 czenas 
655 7 |a publikace pro děti  |7 fd133156  |2 czenas 
655 9 |a stories  |2 eczenas 
655 9 |a children's literature  |2 eczenas 
700 1 |a Vichrová, Petra  |7 ola20181002403  |4 trl 
730 0 2 |a Pups save a teeny penguin.  |l Česky 
730 0 2 |a Pups save a satellite.  |l Česky 
730 0 2 |a Pups meet Tracker.  |l Česky 
787 0 8 |i Z cyklu:  |t Tlapková kontrola  |g 4 
830 0 |a Paw Patrol (Egmont) 
830 0 |a Začínáme číst (Egmont) 
900 |a ABA001  |b 21 
928 9 |a Albatros Media - Egmont 
044 |a xr 
910 |a RBIT002 
998 |d 394701  |a https://core.palmknihy.cz/api/books/394701/cover?si5ahf  |b https://core.palmknihy.cz/api/books/394701/cover/400?si5ahf  |c https://core.palmknihy.cz/api/books/394701/cover/50?si5ahf  |e 2026-06-30  |g 72  |i 9788025254882  |k https://core.palmknihy.cz/api/books/394701/preview.pdf  |l   |q 49  |r 1  |s https://www.palmknihy.cz/kniha/394701  |t ebook  |y 2023  |z 0  |v Tlapková patrola  |w 0 
999 |d 312228